000 00491nam a2200181 4500
003 OSt
005 20260601171020.0
008 260520b\\\\\\\\|||b||||\||||\00|\0\spa\d
040 _aICI
_bspa
_cICI
_erda
050 _aG1545
_b.A85
100 _aBanco Mexicano Somex
_eautor
_934599
245 _aAtlas SOEMEX de México
264 _aMéxico
_bBanco Mexicano Somex
_c1981
336 _2rdacontent
_atexto
337 _2rdamedia
_asin medio
338 _2rdacarrier
_avolumen
942 _2lcc
_n1
_cB
999 _c20863
_d20863